• 首页
  • 本馆介绍
  • 公告通知
  • 最新文献
  • 馆藏检索
  • 电子资源
  • 读者导购
  • 参考咨询
  • 我的图书馆
  • 登录
  • 详细信息显示
  • 放入我的书架
  • 预约/预借图书
  • 作者相关作品
  • 分类相关作品
  • 丛书相关作品
  • 出版社相关作品

书目信息

  • 表格格式
  • 工作单格式
  • 卡片格式
题名:
一梦归去向天堂
    
 
作者: 王海侠, 著
分册:  
出版信息: 杭州   杭州出版社  2020.09
页数: 268页
开本: 24cm
丛书名: 杭州优秀传统文化丛书
单 册:
中图分类: K928.76
科图分类:
主题词: 名人--ming ren--陵墓--介绍--杭州
电子资源:
ISBN: 978-7-5565-1344-4
000 01175nam 2200277 450
001 CAL 0120203107204
005 20230217093112.0
010    @a978-7-5565-1344-4@dCNY48.00
100    @a20201217d2020 em y0chiy0120 ea
101 0  @achi
102    @aCN@b330000
105    @aa a 000yy
106    @ar
200 1  @a一梦归去向天堂@Ayi meng gui qu xiang tian tang@f王海侠著
210    @a杭州@c杭州出版社@d2020.09
215    @a268页@c彩图@d24cm
225 2  @a杭州优秀传统文化丛书@Ahang zhou you xiu chuan tong wen hua cong shu
314    @a王海侠, 陕西省作家协会会员。
320    @a有书目 (第267-268页)
330    @a墓文化是杭州一道特别的风景。本书从1919年以前去世、归葬杭州的诸多历史名人中, 精选出最有代表性的四十五位, 围绕墓地, 讲述故事, 生动呈现这些名人生前最后时刻或人生关键节点的情感和思想, 如实记录他们身后墓地在岁月中的变迁演变, 以期增进读者对杭州优秀传统文化的认知和了解, 以古观今, 让这些丰厚的精神遗产, 滋养心灵, 丰富人生。
410  0 @12001 @a杭州优秀传统文化丛书
606 0  @a名人@Aming ren@x陵墓@x介绍@y杭州
690    @aK928.76@v5
701  0 @a王海侠,@Awang hai xia@f1977-@4著
801  0 @aCN@bBJXHZP@c20230228
905    @b1397586-9@dK928.76@e1226@f4
    
    一梦归去向天堂/王海侠著.-杭州:杭州出版社,2020.09
    268页:彩图;24cm.-(杭州优秀传统文化丛书)
    
    
    ISBN 978-7-5565-1344-4:CNY48.00
    墓文化是杭州一道特别的风景。本书从1919年以前去世、归葬杭州的诸多历史名人中, 精选出最有代表性的四十五位, 围绕墓地, 讲述故事, 生动呈现这些名人生前最后时刻或人生关键节点的情感和思想, 如实记录他们身后墓地在岁月中的变迁演变, 以期增进读者对杭州优秀传统文化的认知和了解, 以古观今, 让这些丰厚的精神遗产, 滋养心灵, 丰富人生。
●
相关链接 在E读中查询图书 在五车中查询图书 在当当中查询图书 在豆瓣中查询图书


正题名:一梦归去向天堂     索取号:K928.76/1226         预约/预借

序号 登录号 条形码 馆藏地/架位号 状态 备注
1 1397586   213975867   第二样本阅览室/ [索取号:K928.76/1226] 在馆    
2 1397587   213975876   第二借阅区/ [索取号:K928.76/1226] 在馆    
3 1397588   213975885   第二借阅区/ [索取号:K928.76/1226] 在馆    
4 1397589   213975894   第二借阅区/ [索取号:K928.76/1226] 在馆    
唐山师范学院图书馆 欢迎您!
大连网信软件有限公司© 版权所有